000 01525nam a22004577a 4500
001 0059166
003 KOHA_MİRAKIL
005 20260207004219.0
007 ta
008 160808b2016 tu |||gr||||#||||1|tur |
020 _a9786059981309
040 _aTR-BiSEU
_btur
_cTR-BiSEU
_erda
041 0 _atur
044 _ctu
050 _aP95.8
_b.M43 2016
245 0 _aMedya ve siyaset 2/
_cEditör Tolga Yazıcı.
246 _a1923-1946 : tek partili dönem
264 1 _aİstanbul :
_bVolga Yayıncılık
_c2016
300 _aviii, 222 sayfa ;
_c23 cm.
336 _ametin
_btxt
_2rdacontent
337 _aaracısız
_bn
_2rdamedia
338 _acilt
_bnc
_2rdacarrier
490 1 _aVolga Yayıncılık ;
_v38.
490 1 _aİletişim Dizisi ;
_v10.
490 1 _aPlato Meslek Yüksekokulu Yayınları ;
_v2
500 _aKaynakça var.
650 0 _aSiyaset İletişimi
_9109498
650 0 _aTürkiye--Basın--Siyaset
_9109499
650 0 _aTek parti dönemi--Basın--Siyaset
_9109500
650 0 _aTürk siyaseti
_998470
650 0 _aSiyaset--Medya--20. yüzyıl
_9109501
650 0 _aTurkish politics
_9109502
650 0 _aPolitics--Media- 20th century
_9109503
650 0 _aPolitical Communication
_9109504
650 0 _aTurkey--Press--Politics
_9109505
650 0 _aOne-party period--Press--Politics
_9109506
830 1 _aVolga Yayıncılık ;
_v38.
_9109507
830 1 _aİletişim Dizisi ;
_v10.
_93517
830 1 _aPlato Meslek Yüksekokulu Yayınları ;
_v2
_9109508
942 _2lcc
_cBK
999 _c58970
_d58970